00906 2200205 4500001002100000005001500021008004100036020001500077035001900092041000800111082001200119084001800131100001800149245009700167250001500264260002900279300003000308520035200338650001000690INLIS00000000000380020200508202442200508||||||||| | ||| |||| ||ind|| a9793465603 0010-0520003800 aind0 a347.598 a347.598/FAU/P0 aAchmad Fauzan00aPerundang-undangan lengkap tentang peradilan umum, peradilan khusus, dan Mahkamah Konstitusi aEd.rev. Ce aJakartabDjambatanc2009 axxii,649p.;23 cm.c23 cm. aBuku ini menyajikan potret utuh sistem peradilan di Indonesia yang dituangkan dalam rangkaian undang-undang yang berkaitan dengan hal tersebut. Selain pembahasan yang sudah ada pada edisi sebe-lumnya, pada edisi revisi ini terdapat penambahan substansi, antara lain tentang UU Perikanan yang termasuk dalam Peradilan Khusus di Bawah Peradilan Umum 0aHukum